The Konigsberg adventure. (Record no. 12475)

MARC details
000 -LEADER
fixed length control field 00603cam a22002052 4500
001 - CONTROL NUMBER
control field 0000000999
005 - DATE AND TIME OF LATEST TRANSACTION
control field 20151217155806.0
008 - FIXED-LENGTH DATA ELEMENTS--GENERAL INFORMATION
fixed length control field 070223s xx 000 0 eng d
040 ## - CATALOGING SOURCE
Original cataloging agency KABU
Transcribing agency KABU
050 #0 - LIBRARY OF CONGRESS CALL NUMBER
Classification number D582
Item number .K6C43
100 1# - MAIN ENTRY--PERSONAL NAME
Personal name Chatterton, E. Keble.
-- 0000149475
245 14 - TITLE STATEMENT
Title The Konigsberg adventure.
260 ## - PUBLICATION, DISTRIBUTION, ETC. (IMPRINT)
Place of publication, distribution, etc. London :
Name of publisher, distributor, etc. Hurst & Blackett,
Date of publication, distribution, etc. 1932.
300 ## - PHYSICAL DESCRIPTION
Extent 287 p.
650 #0 - SUBJECT ADDED ENTRY--TOPICAL TERM
Topical term or geographic name as entry element World War 1914-1918
General subdivision Naval operations.
-- 0000149476
650 #0 - SUBJECT ADDED ENTRY--TOPICAL TERM
Topical term or geographic name as entry element Konigsberg (cruiser)
-- 0000149477
908 ## - PUT COMMAND PARAMETER (RLIN)
Put command parameter 070223
950 ## - LOCAL HOLDINGS (RLIN)
-- 1
Holdings
Withdrawn status Lost status Source of classification or shelving scheme Not for loan Home library Current library Date acquired Total Checkouts Full call number Barcode Date last seen Price effective from Koha item type
    Library of Congress Classification   Kabarak, Main Campus Kabarak, Main Campus 17/12/2015   D582 .K6C43 010485 17/12/2015 17/12/2015 Africana Collection
Designed with assistance from East African Informatics Ltd